[Event "Giraldilla de La Habana op"]
[Site "Havana"]
[Date "2018.07.28"]
[Round "2"]
[White "Francos Requejo, Lazaro"]
[Black "Balboa Gonzalez, Roberto"]
[Result "1/2-1/2"]
[WhiteElo "1922"]
[BlackElo "2077"]
[PlyCount "38"]
[EventDate "2018.07.28"]
[EventType "swiss"]
[EventRounds "9"]
[EventCountry "CUB"]
[SourceTitle "EXT 2021"]
[Source "ChessBase"]
[SourceDate "2020.10.23"]
[SourceVersion "1"]
[SourceVersionDate "2020.10.23"]
[SourceQuality "1"]

1. e4 d5 2. e5 Bf5 3. d4 e6 4. Bd3 Bxd3 5. Qxd3 c5 6. c3 Nc6 7. a3 cxd4 8. cxd4 Qb6 9. Ne2 Nge7 10. Nd2 a5 11. 0-0 Qa6 12. Qxa6 Rxa6 13. b3 h5 14. Bb2 g6 15. f4 Bh6 16. Bc1 Nf5 17. Nf3 Rb6 18. Rb1 Bf8 19. Rd1 Be7 1/2-1/2

[Event "Capitan San Luis Memorial 3rd"]
[Site "Havana"]
[Date "2018.04.16"]
[Round "1"]
[White "Balboa Gonzalez, Roberto"]
[Black "Barreras Cabrera, Jose Manuel"]
[Result "0-1"]
[WhiteElo "2104"]
[BlackElo "1933"]
[PlyCount "62"]
[EventDate "2018.04.16"]
[EventType "swiss"]
[EventRounds "9"]
[EventCountry "CUB"]
[SourceTitle "EXT 2021"]
[Source "ChessBase"]
[SourceDate "2020.10.23"]
[SourceVersion "1"]
[SourceVersionDate "2020.10.23"]
[SourceQuality "1"]

1. d4 Nf6 2. c4 d5 3. Nc3 e6 4. Bg5 Be7 5. e3 Nbd7 6. Nf3 h6 7. Bh4 a6 8. Rc1 c5 9. cxd5 exd5 10. dxc5 g5 11. Bg3 Nxc5 12. Be5 Be6 13. Be2 0-0 14. Nd4 Bd6 15. Nxe6 fxe6 16. Bxd6 Qxd6 17. Qc2 Kg7 18. h4 g4 19. h5 Nce4 20. Nxe4 Nxe4 21. Qc7+ Qxc7 22. Rxc7+ Rf7 23. Rxf7+ Kxf7 24. Bxg4 Rc8 25. Bd1 Rc1 26. f3 Rxd1+ 27. Kxd1 Nf2+ 28. Ke2 Nxh1 29. g4 Kf6 30. Kf1 Ng3+ 31. Kg2 Ne2 0-1